| 000 | 00537nam a22001697a 4500 | ||
|---|---|---|---|
| 005 | 20251108171051.0 | ||
| 008 | 250721s1987 xx 000 0 ara d | ||
| 082 | 1 | 4 | _a956.66/خلي |
| 100 | 1 | _aمراد، خليل إلياس | |
| 245 | 1 | 0 | _aحرب الخليج و إنعكاساتها على الأمن القومي العربي / |
| 264 | 1 |
_aبغداد : _bدار الحرية للطباعة، _c1987. |
|
| 300 | _a238ص | ||
| 650 | 1 | 7 | _aالخليج العربي |
| 650 | 1 | 7 | _aالتاريخ |
| 942 |
_2ddc _cBK |
||
| 999 |
_c55762 _d55762 |
||